Marketingový kontroling ako nástroj na skvalitnenie riadenia podniku

Charakteristika marketingového kontrolingu ako nástroja na skvalitnenie podnikového riadenia a jeho postavenie v systéme podnikového kontrolingu so zreteľom na jeho funkcie a nástroje v kontexte systému strategického a operatívneho marketingového kontrolingu.

Saved in:
Bibliographic Details
Main Author: Hanuláková, Eva, 1964-
Format: Book Chapter
Language:Slovak
Subjects:
Tags: Add Tag
No Tags, Be the first to tag this record!

MARC

LEADER 00000naa$a2200000$$$4500
001 0145404
005 20240502072621.3
041 0 |a slo 
044 |a SK 
245 1 0 |a Marketingový kontroling ako nástroj na skvalitnenie riadenia podniku  |c Eva Hanuláková 
520 |a Charakteristika marketingového kontrolingu ako nástroja na skvalitnenie podnikového riadenia a jeho postavenie v systéme podnikového kontrolingu so zreteľom na jeho funkcie a nástroje v kontexte systému strategického a operatívneho marketingového kontrolingu. 
610 2 0 |a marketing 
610 2 0 |a riadenie podnikové 
610 2 0 |a kontroling 
610 2 0 |a nástroje marketingové 
610 2 0 |a analýza swot 
100 1 |a Hanuláková, Eva, 1964-